000 00369nam a2200097Ia 4500
008 220120s9999||||xx |||||||||||||| ||und||
100 _aBelliappa, Drenz Noronha, Nemish Jain and Nithin
_912703
245 0 _aDesign and analysis of silo for the storage of coffee cherry
260 _aCoorg Institute of Technology
_bPonnampet
_c2018
650 _aELECTRONICS AND COMMUNICATIONS
999 _c138303
_d138303